| 000 | 00642nam a2200181Ia 4500 | ||
|---|---|---|---|
| 003 | GCL | ||
| 008 | 140319s9999 xx 000 0 ara d | ||
| 020 | _a8725526977 | ||
| 040 |
_aGCL / _cGCL |
||
| 082 | 0 | 4 |
_a621.32 _bا ت |
| 100 | 1 | _aاحمد عبدالمتعال | |
| 245 | 1 | 0 |
_aالتركيبات الكهربية فى المنشات الصناعية والتجارية والعامة / _cاحمد عبدالمتعال |
| 260 |
_aالقاهرة : _bدار النشر للجامعات المصرية ، _c2000 |
||
| 300 |
_a358 ص ؛ _c24 سم |
||
| 650 | 0 | 4 | _aالاضاءة |
| 650 | 0 | 4 | _aالكهرباء - توزيع |
| 942 |
_2ddc _cBK |
||
| 999 |
_c5230 _d5230 |
||